| 000 | 00633nam a2200205 a 4500 | ||
|---|---|---|---|
| 005 | 20230302063653.0 | ||
| 008 | 020828s2001 mx r 000 0 spa d | ||
| 020 | _a9688534749 | ||
| 035 | _aUPN01000118661 | ||
| 049 | _aCG | ||
| 050 | 4 |
_aBF575 S3.9 _bB7.68 |
|
| 100 | 1 |
_aBranden, Nathaniel, _d1930-2014 _935025 |
|
| 245 | 1 | 3 |
_aLa psicología de la autoestima / _cNathaniel Branden ; tr. Daniel Menezo García. |
| 260 |
_aMéxico : _bPaidós, _c2001. |
||
| 300 | _a376 p. | ||
| 440 | 0 |
_aPaidós saberes cotidianos ; _v26 |
|
| 534 |
_pTraducción de: _tThe psychology of self-esteem |
||
| 650 | 4 |
_aAutoestima _92906 |
|
| 905 | _aLibro | ||
| 999 |
_c91027 _d91027 |
||